| 000 | 00499nam a2200121Ia 4500 | ||
|---|---|---|---|
| 008 | 220615s9999||||xx |||||||||||||| ||und|| | ||
| 245 | 0 |
_aMarriage Discourses _bHistorical and Literary Perspectives on Gender Inequality and Patriarchic Exploitation |
|
| 546 | _aEnglish[eng] | ||
| 650 | _aMarriage discourses||marriage||marital relations||gender roles | ||
| 700 | _aJacob, Frank||Mohammed, Jowan A. | ||
| 856 | _uhttps://library.oapen.org/bitstream/20.500.12657/52336/1/9783110751451.pdf | ||
| 942 | _cEB | ||
| 999 |
_c18832 _d18832 |
||